Grandes relatos de la literatura (Record no. 2655)

MARC details
000 -LEADER
campo de control de longitud fija 01247ngm a2200253 a 4500
005 - FECHA Y HORA DE LA ÚLTIMA TRANSACCIÓN
campo de control 20230705221702.0
008 - DATOS DE LONGITUD FIJA--INFORMACIÓN GENERAL
campo de control de longitud fija 160315s2008 sp g 000 1 spa
082 04 - NÚMERO DE LA CLASIFICACIÓN DECIMAL DEWEY
Número de clasificación 791.4375
Número de ítem G71
040 ## - FUENTE DE CATALOGACIÓN
Centro catalogador/agencia de origen CO-BoRNBP
Lengua de catalogación spa
Normas de descripción rda
Centro/agencia transcriptor CO-BoRNBP
245 00 - MENCIÓN DEL TÍTULO
Título Grandes relatos de la literatura
Medio videodisco digital
250 ## - MENCION DE EDICION
Mención de edición 1a. edición
264 ## - PRODUCCIÓN, PUBLICACIÓN, DISTRIBUCIÓN, FABRICACIÓN Y COPYRIGHT
Producción, publicación, distribución, fabricación y copyright Barcelona
Nombre del de productor, editor, distribuidor, fabricante Track Media
Fecha de producción, publicación, distribución, fabricación o copyright 2008
300 ## - DESCRIPCIÓN FÍSICA
Extensión 6 DVD (360 minutos aproximados)
Otras características físicas estéreo, mono, dolby digital, blanco y negro
Dimensiones 12 cm
336 ## - TIPO DE CONTENIDO
Término de tipo de contenido texto
Código de tipo de contenido txt
Fuente rdacontent
337 ## - TIPO DE MEDIO
Nombre/término del tipo de medio sin mediación
Código del tipo de medio n
Fuente rdamedia
338 ## - TIPO DE SOPORTE
Nombre/término del tipo de soporte volumen
Código del tipo de soporte nc
Fuente rdacarrier
505 ## - NOTA DE CONTENIDO CON FORMATO
Nota de contenido con formato Disco 1. El perro de los Baskerville / Sir Arthur Conan Doyle -- Disco 2. Othelo / William Shakespeare -- Disco 3. Las aventuras y desventuras de Moll Flanders / Daniel Defoe -- Disco 4. Las aventuras y desventuras de Moll Flanders/ Daniel Defoe -- Disco 5. Drácula / Bram Stoker -- Disco 6. El Viejo y el Mar
546 ## - NOTA DE IDIOMA
Nota de lengua/lenguaje Español / Inglés subtítulos
650 14 - PUNTO DE ACCESO ADICIONAL DE MATERIA--TÉRMINO DE MATERIA
Fuente del encabezamiento o término LEMB
Término de materia o nombre geográfico como elemento de entrada Narraciones literarias
Subdivisión de forma Videodiscos
9 (RLIN) 51188
650 14 - PUNTO DE ACCESO ADICIONAL DE MATERIA--TÉRMINO DE MATERIA
Fuente del encabezamiento o término LEMB
Término de materia o nombre geográfico como elemento de entrada Películas cinematográficas
Subdivisión de forma Videodiscos
9 (RLIN) 51189
650 14 - PUNTO DE ACCESO ADICIONAL DE MATERIA--TÉRMINO DE MATERIA
Fuente del encabezamiento o término LEMB
Término de materia o nombre geográfico como elemento de entrada Narraciones de terror
Subdivisión de forma Videodiscos
9 (RLIN) 18558
650 14 - PUNTO DE ACCESO ADICIONAL DE MATERIA--TÉRMINO DE MATERIA
Fuente del encabezamiento o término LEMB
Término de materia o nombre geográfico como elemento de entrada Narraciones de misterio
Subdivisión de forma Videodiscos
9 (RLIN) 18559
942 ## - ELEMENTOS DE ENTRADA SECUNDARIOS (KOHA)
Fuente del sistema de clasificación o colocación Clasificación Decimal Dewey
Tipo de ítem Koha DVD

No items available.

Powered by Koha